| 000 | 01451cam a2200361 a 4500 | ||
|---|---|---|---|
| 005 | 20260322212007.0 | ||
| 008 | data | ||
| 010 | _a 2006009671 | ||
| 020 | _a189395112X | ||
| 020 | _a9781893951129 | ||
| 040 |
_aDLC _cDLC _dDLC _dBAKER _dGK8 _dXY4 _dBTCTA _dDLC |
||
| 042 | _alcac | ||
| 050 | 0 | 0 |
_aAG243 _b.R453 2006 |
| 082 | 0 | 0 |
_a031.02 _222 |
| 092 | _a031.02 R453 2006 | ||
| 245 | 1 | 0 |
_aRipley's believe it or not! : _bexpect-- the unexpected / _cGeoff Tibballs, Jo Wiltshire & Ripley Entertainment, Inc. |
| 246 | 3 | _aExpect-- the unexpected | |
| 260 |
_aOrlando, Fla. : _bRipley Pub., _cc2006. |
||
| 300 |
_a256 p. : _bill. (chiefly col.) ; _c31 cm. |
||
| 490 | 0 |
_aRipley's believe it or not! ; _v3 |
|
| 500 | _a"All new"--Cover. | ||
| 500 | _aIncludes index. | ||
| 505 | 0 | _aStrange world -- Weird & wonderful -- Breaking boundaries -- Amazing animals -- Larger than life -- Impossible feats -- Simply unbelievable -- The final reckoning. | |
| 650 | 0 | _aCuriosities and wonders. | |
| 650 | 1 | _aCuriosities and wonders. | |
| 700 | 1 | _aTibballs, Geoff. | |
| 700 | 1 | _aWiltshire, Jo. | |
| 710 | 2 | _aRipley Entertainment, Inc. | |
| 856 | 4 | 1 |
_3Table of contents _uhttp://www.loc.gov/catdir/toc/ecip0611/2006009671.html |
| 856 | 4 | 2 |
_3Contributor biographical information _uhttp://www.loc.gov/catdir/enhancements/fy1109/2006009671-b.html |
| 856 | 4 | 2 |
_3Publisher description _uhttp://www.loc.gov/catdir/enhancements/fy1109/2006009671-d.html |
| 001 | data | ||
| 999 |
_c120 _d120 |
||